Nuevas indagaciones acerca de las fracturas de la rótula y de las enfermedades que con ellas tienen relacion (Registro nro. 154213)

Detalles MARC
000 -LEADER
campo de control de longitud fija 01604nam a2200301 i 4500
001 - NÚMERO DE CONTROL
campo de control 154213
003 - IDENTIFICADOR DE NÚMERO DE CONTROL
campo de control ES-MaACL
005 - FECHA Y HORA DE LA ÚLTIMA TRANSACCIÓN
campo de control 20250904002238.0
008 - DATOS DE LONGITUD FIJA--INFORMACIÓN GENERAL
campo de control de longitud fija 991023s1795 sp a |||| | spa d
040 ## - FUENTE DE CATALOGACIÓN
Centro catalogador/agencia de origen CAV
Lengua de catalogación spa
Centro/agencia transcriptor CAV
Centro/agencia modificador CCPB | CAT
100 1# - ENTRADA PRINCIPAL--NOMBRE DE PERSONA
Nombre de persona Galli i Camps, Lleonard,
Fechas asociadas al nombre 1751-1830
9 (RLIN) 53614
245 10 - MENCIÓN DEL TÍTULO
Título Nuevas indagaciones acerca de las fracturas de la rótula y de las enfermedades que con ellas tienen relacion
Resto del título : principalmente con la transversal /
Mención de responsabilidad, etc. por ... D. Leonardo Galli...
260 ## - PUBLICACIÓN, DISTRIBUCIÓN, ETC.
Lugar de publicación, distribución, etc. En Madrid :
Nombre del editor, distribuidor, etc. en la Imprenta Real,
Fecha de publicación, distribución, etc. 1795.
300 ## - DESCRIPCIÓN FÍSICA
Extensión [2] h., XLVIII, 272 p., [8] h., [1] h. grab., [6] h. grab. pleg. ;
Dimensiones 4º.
530 ## - NOTA DISPONIBLE DE FORMULARIO FÍSICO ADICIONAL
Nota de formato físico adicional disponible Disponible en formato digital.
597 ## - NOTA DE DESCRIPCIÓN FÍSICA
NOTA DE DESCRIPCIÓN FÍSICA Sign.: [ ]², A-F4, A-Z4, Aa-Nn4.
599 ## - NOTA A LAS ILUSTRACIONES
NOTA A LAS ILUSTRACIONES La h. de lám. es un retrato calcográfico del Duque de la Alcudia en p. II.: "J. Beraton le dibuxó ; M.S. Carmona le grabó"
599 ## - NOTA A LAS ILUSTRACIONES
NOTA A LAS ILUSTRACIONES Las h. lám. pleg. son grabados calcográficos. La h. I, IV y V firmadas por J. Barcelon ; las h. II, III y VI firmadas por "Navia sculp.
650 24 - PUNTO DE ACCESO ADICIONAL DE MATERIA--TÉRMINO DE MATERIA
Término de materia o nombre geográfico como elemento de entrada Rótula-
Subdivisión general Fracturas.
9 (RLIN) 136841
650 #4 - PUNTO DE ACCESO ADICIONAL DE MATERIA--TÉRMINO DE MATERIA
Término de materia o nombre geográfico como elemento de entrada Traumatología-
Subdivisión de forma Obras anteriores a 1800.
9 (RLIN) 162575
700 1# - ENTRADA AGREGADA--NOMBRE PERSONAL
Nombre de persona Barcelon Abellán, Juan,
Fechas asociadas al nombre 1739-1801
9 (RLIN) 125811
700 1# - ENTRADA AGREGADA--NOMBRE PERSONAL
Nombre de persona Salvador Carmona, Manuel,
Fechas asociadas al nombre 1734-1820
9 (RLIN) 102084
700 1# - ENTRADA AGREGADA--NOMBRE PERSONAL
Nombre de persona Gómez de Navia, José (
Fechas asociadas al nombre 1757-después de 1803)
9 (RLIN) 155038
700 1# - ENTRADA AGREGADA--NOMBRE PERSONAL
Nombre de persona Beratón, José (
Fechas asociadas al nombre 1747-1796)
9 (RLIN) 125924
852 ## - LOCALIZACIÓN
Ubicación ES-MaACL
Número de control de estantería R-1049
Nota libre -- Enc. pasta española
Encuadernación Olim: G-8874
856 ## - LOCALIZACIÓN Y ACCESO ELECTRÓNICOS
Identificador Uniforme de Recursos <a href="http://bdh-rd.bne.es/viewer.vm?id=0000079799&page=1 ">http://bdh-rd.bne.es/viewer.vm?id=0000079799&page=1 </a>
Nota pública Biblioteca Digital Hispánica
Existencias
Estatus retirado Estado de pérdida Estado de daño No para préstamo Colección Biblioteca de origen Biblioteca actual Ubicación en estantería Fecha de adquisición Fuente de adquisición Total de préstamos Signatura topográfica completa Código de barras Visto por última vez Precio de reemplazo Tipo de ítem Koha
        Colección digital Biblioteca del Ateneo de Madrid Biblioteca del Ateneo de Madrid Depósito 17/01/2008     R-1049 1161254 23/02/2023 23/02/2023 Libro impreso antiguo